000 00746cam a2200265 4500500
005 20260329005243.0
041 _afre
042 _adc
100 1 0 _aMorel, François
_eauthor
245 0 0 _aConseil n° 24 : brûlons la chandelle par les deux bouts
260 _c2022.
500 _a24
690 _aAccouchement
690 _aAlcool
690 _aConsommation
690 _aDépense
690 _aExcès
690 _aFrançois Morel
690 _aHumour
690 _aModération
690 _aRire
690 _aTabac
786 0 _nPhilosophie magazine | 165 | 12 | 2022-12-01 | p. 78-78 | 1951-1787
856 4 1 _uhttps://shs.cairn.info/magazine-philosophie-magazine-2022-12-page-78?lang=fr&redirect-ssocas=7080
999 _c1841737
_d1841737